Apprendre Anglais la Famille - Statistiques

Statistiques générales
  • Ce quiz a été pris 195 fois
  • Le résultat moyen est 14 sur 19
Statistiques - réponses
Français Anglais % Correct
Bébé Baby
99%
Famille Family
99%
Enfant Child
94%
Père Father
94%
Mère Mother
94%
Sœur Sister
89%
Frère Brother
88%
Parents Parents
82%
Grand-père Grandfather
81%
Grande-mère Grandmother
81%
Cousin Cousin
77%
Oncle Uncle
75%
Adulte Adult
70%
Grands-parents Grandparents
64%
Adolescent Teenager
58%
Tante Aunt
54%
Arrière-grand-père Great grandfather
20%
Arrière-grande-mère Great grandmother
20%
Arrière-grand-parent Great grandparents
20%
Aucun quiz correspondant
Distribution des résultats
% des personnes avec chaque résultat
Percentile par nombre de réponses
Votre historique - résultats
Vous n’avez pas pris ce quiz